MS/Thesis:PanCGP: Pangenome and Comparative Genome analysis Pipeline (Record no. 530167)
[ view plain ]
| 000 -LEADER | |
|---|---|
| fixed length control field | 00466nam a22001577a 4500 |
| 003 - CONTROL NUMBER IDENTIFIER | |
| control field | NUST |
| 005 - DATE AND TIME OF LATEST TRANSACTION | |
| control field | 20191011155248.0 |
| 008 - FIXED-LENGTH DATA ELEMENTS--GENERAL INFORMATION | |
| fixed length control field | 191011b ||||| |||| 00| 0 eng d |
| 038 ## - RECORD CONTENT LICENSOR | |
| Staff Name | Nusrat Nadeem |
| 082 ## - DEWEY DECIMAL CLASSIFICATION NUMBER | |
| Classification number | 004.12 AHS |
| 100 ## - MAIN ENTRY--PERSONAL NAME | |
| Personal name | Ahsan Muhammad |
| 9 (RLIN) | 18993 |
| 245 ## - TITLE STATEMENT | |
| Title | MS/Thesis:PanCGP: Pangenome and Comparative Genome analysis Pipeline |
| Statement of responsibility, etc. | Muhammad Ahsan |
| 260 ## - PUBLICATION, DISTRIBUTION, ETC. | |
| Place of publication, distribution, etc. | Islamabad |
| Name of publisher, distributor, etc. | RCMS NUST |
| Date of publication, distribution, etc. | 2016 |
| 700 ## - ADDED ENTRY--PERSONAL NAME | |
| Relator code | Dr. Jamil Ahmad (Supervisor) |
| 942 ## - ADDED ENTRY ELEMENTS (KOHA) | |
| Source of classification or shelving scheme | |
| Koha item type | Thesis |
| Withdrawn status | Lost status | Source of classification or shelving scheme | Damaged status | Not for loan | Permanent Location | Current Location | Shelving location | Date acquired | Total Checkouts | Full call number | Barcode | Date last seen | Price effective from | Koha item type |
|---|---|---|---|---|---|---|---|---|---|---|---|---|---|---|
| Central Library (CL) | Central Library (CL) | Thesis | 03/18/2020 | 004 AHS | CL-T-004 | 03/18/2020 | 03/18/2020 | Thesis | ||||||
| Central Library (CL) | Central Library (CL) | 03/18/2020 | 004 AHS | Cl-T-5574 | 03/18/2020 | 03/18/2020 | Thesis | |||||||
| School of Interdisciplinary Engineering and Sciences (SINES) | School of Interdisciplinary Engineering and Sciences (SINES) | Thesis | 10/11/2019 | 004.12 AHS | RCMS003042 | 10/11/2019 | 10/11/2019 | Thesis |
